000 00917nam a2200253Ia 4500
003 OSt
005 20220923222124.0
006 a|||||r|||| 00| 0
007 ta
008 220922b |||||||| |||| 00| 0 ben d
024 _a203,135
037 _cTextual
040 _aARTS
_cARTS
_bben
041 _2ben
_aben
082 _aO157,2NMI,1, 152M6-;1
100 _aमित्रा, मनोज; अग्रवाल, प्रतिभा, अनु.
_9165977
245 0 _aराज दर्शन
246 _aRāj darshana
260 _aइलाहाबाद
_b लोकभारती प्रकाशन
_c1986
300 _a111पृ0
_ccm.
650 _aबंगाली साहित्य
_9156264
942 _hO157,2NMI,1, 152M6-;1
_cTEXL
_2CC
999 _c353895
_d353895